Bienvenue à la Médiathèque de Saint-Andiol
banniere
Accueil Recherche avancée Mon compte
handi1 Rechercher dans le catalogue

Filtre   Mots-clés
  Recherche avancée
 
Lister les dernières nouveautés
 
Lister les livres GROS CARACTERES
 
Lister les périodiques (magazines)

handi1 Dix professeurs à croquer !

<< Retourner aux résultats de la recherche
Book Cover
Auteur principal : Ross Montgomery
Autres auteurs : Sarah Warburton Emmanuel Gros
Titre : Dix professeurs à croquer !
Support : Livres
Langue : Francais
Publié : DL 2022 Editions Quatre fleuves Grenoble
Genre : Album
Sujets :
Étiquettes :
Pas de tags
LEADER 01076nam0a2200217 450
001 16863351
010 |a 979-10-264-0367-8  |b rel.  |d 11,9 € 
100 |a 20220622d2026 u u0frey01 ba 
101 0 |a fre 
102 |a FR 
200 0 |a Dix professeurs à croquer !  |f Ross Montgomery  |g [illustrations de] Sarah Warburton - texte français de Emmanuel Gros 
207 1 |a   
210 |a Grenoble  |c Editions Quatre fleuves  |d DL 2022 
215 |a 1 vol. (non paginé [32] p.)  |c ill. en coul.  |d 28 cm 
330 |a Un livre malicieux et plein d'humour, qui fera rire petits et grands !L'école est finie ! Dix professeurs fatigués ne songent qu'à regagner leurs lits. Mais quand ils ratent le bus, les voici obligés de rentrer à pied, par un inquiétant raccourci. Ils ignorent alors qu'ils sont suivis... par dix monstres gloutons ! 
700 0 |a Montgomery  |b Ross  |4 70 
702 0 |a Warburton  |b Sarah  |4 440 
702 0 |a Gros  |b Emmanuel  |f 1985-....  |4 730 
900 |a Album 
901 |a Jeunesse 
995 |a Médiathèque  |c Médiathèque  |f 089020279  |h 089020279  |k A MON  |o p  |q j  |r az  |e Médiathèque